00585 2200229 4500001002100000005001700021008004100038035002400079082001200103090001700115245005400132250001100186260002800197300002900225650002100254700001600275850002100291980001300312985000600325986000900331999001500340YOGYA-0209000004330220090227025942.0 ind  0010-020900000043302 a658.404 a658.404bPen aPENGANTAR evaluasi proyekcClive Gray ... [et al] aCet. 4 aJakartabGramediac1988 aix, 272 hlmbilusc24 cm aManajemen Proyek aGray, Clive aYOPDYOG [TRM 29] a3-9-2007 a1 aRuni a07A0024252